Colorful Sea by Country Quiz Stats

 Plays Quiz Updated Mar 16, 2018

Challenge
Share
Tweet
Embed
Score 0/14 Timer 01:00
2 Plays Today
Question Answer Wrong Answers
South Korea Yellow
93.5%
Black
1.7%
Red
2.4%
North Korea Yellow
92.9%
Black
1.9%
Red
2.6%
Ukraine Black
92.4%
Red
3.3%
Yellow
1.7%
Egypt Red
92.1%
Black
3.7%
Yellow
1.5%
Romania Black
92%
Red
3.9%
Yellow
1.6%
China Yellow
91.9%
Black
1.8%
Red
3.9%
Bulgaria Black
91.6%
Red
4.1%
Yellow
1.7%
Saudi Arabia Red
89.9%
Black
4.8%
Yellow
2.8%
Sudan Red
88.4%
Black
4.3%
Yellow
4.7%
Georgia Black
88.1%
Red
7%
Yellow
2.3%
Djibouti Red
87.7%
Black
4.2%
Yellow
5.4%
Russia Black
86%
Red
4%
Yellow
7.4%
Eritrea Red
85.8%
Black
6.4%
Yellow
5.2%
Turkey Black
78.8%
Red
17.1%
Yellow
1.5%

You're not logged in!

Compare scores with friends on all Sporcle quizzes.
OR
Log In

You Might Also Like...

Show Comments

Extras

Top Quizzes Today


Score Distribution

Your Account Isn't Verified!

In order to create a playlist on Sporcle, you need to verify the email address you used during registration. Go to your Sporcle Settings to finish the process.

Report this User

Report this user for behavior that violates our Community Guidelines.

Details: